[Event "EU-chT (Men) 15th"]
[Site "Gothenburg"]
[Date "2005.08.06"]
[Round "8.3"]
[White "Nevednichy, Vladislav"]
[Black "Ivanisevic, Ivan"]
[Result "0-1"]
[WhiteElo "2583"]
[BlackElo "2577"]
[Annotator "Ribli,Z"]
[PlyCount "116"]
[EventDate "2005.07.30"]
[EventType "team-swiss"]
[EventRounds "9"]
[EventCountry "SWE"]
[SourceTitle "CBM 109"]
[Source "ChessBase"]
[SourceDate "2005.11.14"]
[SourceVersion "1"]
[SourceVersionDate "2005.11.14"]
[SourceQuality "1"]
[WhiteTeam "Romania"]
[BlackTeam "Serbia & Montenegro"]
[WhiteTeamCountry "ROU"]
[BlackTeamCountry "YUG"]

1. e4 c5 2. Nf3 e6 3. d4 cxd4 4. Nxd4 Nc6 5. Nc3 Qc7 6. Be2 a6 7. O-O Nf6 8. a4
{Dieser Zug wird selten gespielt, die zwei Hauptvarianten sind 8.Kh1 und 8.Be3.
Mit der Partiefortsetzung vermeidet Weiß die Möglichkeit b7-b5.} h5 (8... d6 {
Auf diese Weise kann Schwarz die Scheveninger Variante wählen.}) 9. Nxc6 dxc6
10. f4 e5 {Schwarz muss so spielen, sonst spielt Weiß e4-e5 und erhält
dauerhaften Raumvorteil.} 11. f5 {Die Beschränkung des Wirkungskreises des
c8-Läufers ist zwar eine typische Idee in solchen Stellungen. Aber nach meinen
Meinung sollte Weiß mit dieser Fortsetzung ein wenig warten.} b6 {11...b5 geht
nicht, sodass Schwarz nur 11...b6 ziehen kann.} 12. Be3 Bb7 $11 {Schwarz hat
eine ausgeglichene Stellung erreicht; Weiß verfügt zwar über einen
Entwicklungsvorteil, aber das hat keine große Bedeutung, da die
Zentrumstellung geschlossen ist.} 13. Kh1 (13. a5 b5 14. Bb6 Qd6 $11) 13... Bb4
{Das schwarze Spiel richtet sich gegen den e4-Bauern.} 14. Bf3 (14. Na2 Rd8 15.
Bd3 Be7 $11) 14... h4 $15 {[%cal Gh4h3]} 15. h3 Bxc3 16. bxc3 c5 {[%csl Re4]
[%cal Gb7e4,Gf6e4][%mdl 32]} 17. Bg5 Nxe4 18. Bxe4 Bxe4 19. Qg4 {Für den
Minusbauern hat Weiß einige Aktivitäten.} Bc6 (19... Bxc2 $5) 20. f6 (20. Bxh4
f6 $15) 20... g6 21. Rae1 Rh5 22. Rf2 (22. Qf4 O-O-O $15) 22... Kf8 23. Bxh4
Qc8 $1 {[%cal Gc6h1,Gc8h3]} 24. Qg3 (24. Qxc8+ Rxc8 25. Bg3 Rxh3+ 26. Bh2 Rh4
$19) 24... Qe6 {[%csl Ge6]} (24... g5 $2 25. Rxe5 (25. Bxg5 $4 Rxh3+ $19) 25...
Rxh4 26. Kg1 $18 {[%csl Gf6,Rf8]}) 25. Kg1 e4 26. Bg5 (26. a5 bxa5 27. Bg5 a4
$15) 26... Re8 27. h4 {[%csl Rh5] Mit diesem Zug schottet Weiß den schwarzen
Turm von Spielgeschehen ab..} (27. a5 $5) 27... Kg8 28. Rd2 a5 {[%csl Ra4]
Schwarz erzwingt damit die ewige Schwächung des a4P.} 29. Qc7 Bxa4 30. Rd6 Qe5
31. Qxb6 Qxc3 32. Re3 Qb4 33. c3 (33. Qxb4 cxb4 34. Ra6 Bxc2 35. Rxa5 b3 $19)
33... Qxb6 34. Rxb6 Bc2 35. Rb5 a4 {[%csl Ga4,Gc2][%mdl 4096] Weiß kann mit 36.
Rxc5 das materielle Gleichgewicht erreichen, aber der schwarze entfernte
Freibauer ist sehr stark.} 36. Rxc5 Rh8 {Schwarz plant, seinen Turm mit Kh7
ins Spiel zu bringen.} 37. Rc7 Ra8 38. Re1 a3 39. Kf2 a2 40. Ra1 Bb3 41. c4 Ra4
42. c5 Kh7 {[%csl Gb3,Gh8][%cal Gh8a8,Gb3a2,Gb3f7] Der Turm war lange Zeit
eingeschlossen, jetzt er kommt ins Spiel.} 43. Rb7 Bd5 44. Rb2 Rc8 $17 {
[%csl Ra1,Ga2,Ge4] Bei materiellem Gleichgewicht stehen die schwarzen Figuren
viel aktiver - der a1R steht sehr passiv.} 45. Be3 Ra3 (45... Rc6 $17) 46. Rc2
Rc6 47. Bg5 e3+ $1 48. Ke2 (48. Bxe3 Rxf6+ 49. Ke2 Re6 $19) 48... Bb3 49. Rcc1
Ba4 {[%cal Ra4b5,Rb5e2]} 50. Ke1 Bb5 51. Rc2 Rca6 52. Rb2 Bc6 53. Ke2 (53. Rb6
Rxb6 54. cxb6 Bd5 55. Ke2 Bc4+ $19) 53... R6a4 54. g3 Bd5 55. Rc2 Bc4+ 56. Kf3
Bd5+ 57. Ke2 Rb3 $19 58. Raxa2 Bc4+ 0-1

[Event "POL-ch 60th"]
[Site "Warsaw"]
[Date "2003.04.29"]
[Round "8"]
[White "Jakubowski, Krzysztof"]
[Black "Jaracz, Pawel"]
[Result "0-1"]
[WhiteElo "2483"]
[BlackElo "2549"]
[Annotator "Ribli,Z"]
[PlyCount "132"]
[EventDate "2003.04.22"]
[EventType "tourn"]
[EventRounds "13"]
[EventCountry "POL"]
[EventCategory "12"]
[SourceTitle "CBM 095"]
[Source "ChessBase"]
[SourceDate "2003.07.25"]
[SourceVersion "1"]
[SourceVersionDate "2003.07.25"]
[SourceQuality "1"]

1. e4 c5 2. Nf3 e6 3. d4 cxd4 4. Nxd4 Nc6 5. Nc3 Qc7 6. Be2 a6 7. O-O Nf6 8.
Kh1 Nxd4 9. Qxd4 Bc5 10. Qd3 b5 11. Bg5 {Dieser Zug wird selten gespielt. Die
Hauptvariante ist 11.f4. Weiss moechte zuerst den Laufer entwickeln und nur
spaeter 12.f4 ziehen. Nach meiner persoenlichen Meinung bietet die
traditionelle Fortsetzung 11.f4 Weiss mehr Chancen auf Eroeffnungsvorteil.} Bb7
12. f4 Bb4 {Das ist die beste Moeglichkeit fuer Schwarz. Im folgenden kann er
Bxc3 ziehen, wonach er Angriffspunkte auf der halboffenen c-Linie erhält.} (
12... b4 13. e5 Nd5 14. Nxd5 Bxd5 15. Bf3 Bxf3 16. Rxf3 d5 17. Re1 Be7 18. Bxe7
Qxe7 19. f5 $14) (12... Rc8 13. a4 $1 (13. e5 Nd5 14. Nxd5 Bxd5 15. Qg3 Be4 16.
Bd3 Qb7 17. Rae1 Bg6 $11) 13... b4 14. e5 Nd5 15. Nxd5 Bxd5 16. Bf3 (16. Qxa6
$6 Bd4 $1 $15) 16... Bxf3 17. Rxf3 $14) 13. Bf3 (13. Bxf6 gxf6 14. a4 Bxc3 15.
bxc3 bxa4 16. Rxa4 Rc8 17. Rd1 d5 18. Rb4 dxe4 19. Qd4 e3 20. Qxe3 Rg8 21. Bf3
Bxf3 22. Qxf3 Kf8 23. f5 exf5 24. Qxf5 Qxc3 25. Rf4 Rg6 26. Rf2 Kg7 {1/2-1/2
Van den Doel,E-Handke,F/Amsterdam 2001/CBM 83 ext (45)}) 13... Bxc3 14. bxc3
Rc8 15. Bxf6 (15. a4 Qxc3 16. axb5 Qxd3 17. cxd3 axb5 18. Rfb1 Bc6 19. Bxf6
gxf6 20. d4 d6 21. Ra7 O-O 22. d5 Ba8 23. Rd7 exd5 24. exd5 Rc5 25. Rxd6 Rb8 {
1/2-1/2 Zezulkin,J-Tregubov,P/Krasnodar 1998/EXT 2000 (56)}) 15... gxf6 16.
Rad1 Ke7 {Interessanterweise ist der beste Platz des schwarzen Koenigs in der
Mitte.} (16... Rg8 17. Qd4 Qd8 18. e5 Bxf3 19. Rxf3 f5 20. Qa7 Qc7 21. Qxa6 Qc6
22. Qxc6 Rxc6 23. Rb1 Ke7 24. Rxb5 Ra8 {1/2-1/2 Agopov,M-Yakovich,Y/Bergen
2000/CBM 77 ext (41)}) 17. e5 f5 {Schwarz moechte - wenn moeglich - die
Stellung geschlossen halten.} 18. Rd2 $6 {Dieser Zug scheint mir weniger
logisch als die Alternative 18.Qd6+, wonach der schwarze Koenig zurueckgehen
muss. Aber im Allgemeinen glaube ich, dass Weiss keinen Eroeffnungsvorteil hat,
weil Schwarz gutes Spiel auf den c- und g-Linien ausübt. Dafür drückt Weiss
auf der halboffenen d-Linie.} (18. Qd6+ Ke8 19. Bxb7 Qxb7 20. Rf3 Rg8 21. Qd3
Qc6 (21... Rc4) (21... Rg6) 22. Rg3 Ke7 (22... Rg6 $5) 23. c4 $1 Rxg3 (23...
bxc4 $2 24. Qa3+ d6 25. Rxd6 $16) 24. Qxg3 Qxc4 25. Qg5+ Ke8 26. Qg8+ Ke7 27.
Qg5+ Ke8 28. Qg8+ {1/2-1/2 Carlsson,P-Horvath,A/Athens 2001/EXT 2002 (28)})
18... Bxf3 19. Rxf3 $11 {Die Stellung ist ungefaehr gleich - die schwarze
Koenigsstellung ist angreifbar, aber Schwarz hat die bessere Bauernstruktur.} (
19. Qxf3 Qxc3 20. Qf2 Rhd8 21. Rfd1 $44) 19... Rhg8 {[%cal Gc8c2,Gg8g2] Beide
Spieler haben Doppelbauern, aber die schwarze Bauernstruktur ist besser.} 20.
Qf1 {[%cal Gf3d3,Gd2d7]} Qc4 $1 {[%cal Gc4a2,Gc4f1][%mdl 32] Schwarz aktiviert
die Dame - Weiss muss waehlen, es droht der Damentausch und Bauerngewinn auf
a2.} 21. Qf2 (21. Qxc4 Rxc4 $17) (21. Rfd3 Kf8 $36) (21. Qd1 Rc7) 21... Qxa2
22. Rfd3 Rc7 23. h3 {[%cal Gh1h2]} Qc4 24. Qb6 (24. Qh4+ Ke8 25. Qxh7 Rf8 $11)
24... Rg6 25. Qd6+ (25. Qxa6 Kf8 26. Qd6+ Kg7 $11) 25... Ke8 26. Rd1 $2 (26.
Qxa6 Qxf4 27. Qxb5) 26... a5 $17 {[%csl Ga5] Jetzt Schwarz hat einen Bauern
mehr und der a-Bauer ist sehr gefaehrlich.} 27. Qa3 Qxf4 28. Qxa5 Qe4 (28...
Qxe5 $17) 29. R3d2 Qxe5 30. Qa8+ (30. Rd3 Kf8 $17) 30... Ke7 31. Qa3+ Kf6 32.
Qf8 Rxc3 {Droht jetzt 33...Rxh3+ 34.gxh3 Qe4+ 35.Kh2 Qf4+ 36.Kh1 Qf3+ 37.Kh2
Qg3+ 38.Kh1 Qxh3+ 39.Rh2 Qf3+ mit Gewinn.} (32... d5 $17) 33. Qh8+ Rg7 {
Ein interessantes Bild - alle schwarze Figuren stehen auf der h8-a1 Diagonale.}
34. Qd8+ Kg6 35. Qxd7 h6 {[%cal Gg6h7]} (35... Qe4 $19 {[%cal Rc3h3,Rh3h1,
Rc3c2]}) 36. Qb7 Kf6 (36... Kh7 $19) 37. Rb1 Re3 {Droht 38...Re1+ mit Gewinn.}
38. Rdd1 Qc3 $1 {[%csl Gc3][%cal Rc3h3,Rh3h1] Droht 39...Rxh3+ mit sofortigem
Gewinn.} 39. Rd3 (39. Rb3 Qxc2 $19) 39... Rxd3 40. cxd3 Qxd3 41. Qxb5 Qxb5 42.
Rxb5 {[%mdl 4096]} Rg8 $19 {Mit zwei Bauern mehr muss Schwarz das Endspiel
leicht gewinnen. Seine technische Aufgabe waere leichter ohne Doppelbauern,
aber frueher oder spaeter muss er den Vorteil verwerten.} 43. Kh2 f4 44. Rb7
Ra8 45. Kg1 Ra2 46. Rc7 e5 47. Rb7 Kg6 48. Re7 f6 49. Re8 Kf5 50. Rh8 e4 {
Schwarz kann den h-Bauern geben.} 51. Kf1 (51. Rxh6 Ra1+ 52. Kf2 e3+ 53. Ke2
Rg1 54. Kf3 Rf1+ 55. Ke2 Rf2+ $19 {[%cal Rf2e2,Rf2g2]}) 51... e3 52. Re8 h5 (
52... Ra1+ 53. Ke2 Rg1 54. Rg8 h5 $19) 53. Rh8 f3 $1 (53... Ra1+ 54. Ke2 Rg1
55. Rg8 h4 $19) 54. gxf3 Rf2+ 55. Ke1 Rxf3 56. Rxh5+ Ke4 57. Rh8 f5 {[%csl Ge3,
Ge4,Gf3,Gf5] Ein Bauern mehr im Turmendspiel ist nicht immer genug, aber jetzt
steht Schwarz auf Gewinn: seine aktiven Figuren und die verbundenen Bauern
garantieren den Sieg.} 58. Re8+ Kf4 59. h4 Rh3 60. Ke2 Rh2+ 61. Kd3 Rd2+ 62.
Kc3 Kf3 63. h5 Rh2 (63... f4 $19) (63... Rd6 $19) 64. Kd3 f4 65. Re5 Rd2+ 66.
Kc3 Rd6 0-1

[Event "Paris NAO GM 3rd"]
[Site "Paris"]
[Date "2003.12.23"]
[Round "9"]
[White "Santo Roman, Marc"]
[Black "Pira, Davoud"]
[Result "1-0"]
[WhiteElo "2385"]
[BlackElo "2403"]
[Annotator "Ribli,Z"]
[PlyCount "71"]
[EventDate "2003.12.15"]
[EventType "tourn"]
[EventRounds "9"]
[EventCountry "FRA"]
[EventCategory "9"]
[SourceTitle "CBM 099"]
[Source "ChessBase"]
[SourceDate "2004.03.30"]
[SourceVersion "1"]
[SourceVersionDate "2004.03.30"]
[SourceQuality "1"]

1. e4 c5 2. Nf3 e6 3. d4 cxd4 4. Nxd4 Nc6 5. Nc3 Qc7 6. g3 {Gewöhnlich sind
die g3-Systeme weniger agressiv und führen zu festen Stellungen, in denen Weiß
nach Erringung kleiner positioneller Vorteile strebt.} a6 7. Bg2 Nf6 8. O-O h6
{Diese Variante wird heutzutage selten gespielt. Mit diesem Zug möchte Schwarz
einen "nützlichen Tempoverlust" machen - seine Idee ist nach 9.Re1 auf d4 zu
tauschen und mit Bc5, Ng4 den f2-Punkt anzugreifen, was nicht möglich bei der
f1-Turmstellung wäre.} 9. Re1 (9. h3 Nxd4 10. Qxd4 Bc5 11. Bf4 d6 12. Qd2 e5
13. Be3 Ke7 14. Kh2 Be6 15. f4 Rac8 16. Bxc5 Qxc5 {1/2-1/2 Badii,M-Pira,D/
Paris 1992/EXT 97 (60)}) (9. b3 Be7 10. Na4 b5 11. e5 bxa4 12. Nxc6 dxc6 13.
exf6 Bxf6 14. Ba3 Bxa1 15. Qxa1 f6 16. Qd1 {1/2-1/2 Ivanchuk,V-Huebner,R/Wijk
1996 (26)}) 9... Nxd4 10. Qxd4 {Auf den ersten Blick glaubt man gar nicht,
dass Weiß statt der Partiefortsetzung eine Alternative hat. Aber 10.e5!? kommt
sehr stark in Betracht und ich glaube, der Bauernzug bietet Weiß gute Chancen
auf Angriff und Eröffnungsvorteil.} (10. e5 $5 Nb5 11. Nxb5 axb5 12. exf6 gxf6
13. c3 $5 (13. Bf4 d6 14. Re3 $5 Bd7 15. Rd3 Bc6 16. Bxd6 Bxd6 17. Rxd6 $11 {
1/2-1/2 Mantovani,R-Romanishin,O/Reggio Emilia 1997/CBM 63/[Ribli] (28)}) 13...
d6 (13... Ra4 14. Qb3 $6 (14. Qd3 $1 Ra5 15. b4 Ra6 16. Bf4 $1 Bd6 17. Bxd6
Rxd6 18. Qxb5 $16 {Matulovic,M}) 14... Ra5 15. Bd2 b6 16. Qd5 Be7 {Matulovic,
M-Djuric,S/Jugoslavija 1992 (22)}) 14. Be3 Bd7 15. Qf3 $1 (15. Qh5 Bc6 16. Bb6
Qe7 17. a3 Rg8 18. f4 Bxg2 19. Kxg2 Qd7 20. Kg1 Be7 {= de Firmian,N-Rohde,M/
New York (open) 1988 (25)}) 15... Bc6 16. Qxf6 Rg8 17. Bxh6 $16 {/\} Rg6 18.
Rxe6+ $1) 10... Bc5 11. Bf4 {Dieser Zug ist bekannt in der Zugfolge 8...Nxd4 9.
Qxd4 Bc5 10.Bf4. Hier haben wir dieselbe Stellung mit dem Zugpaar h6-Re1, was
vorteilhaft für Schwarz ist. Die genügsame Alternative 11.Qd1 ist spielbar und
richtet sich gegen 11...Ng4.} (11. Qd1 d6 12. Be3 (12. Bf4 e5 13. Be3 Be6 14.
Qd2 O-O 15. h3 Bb4 16. Red1 Rac8 {0-1 Nadjhedjesi,B-Zivanic,M/Obrenovac 2002/
CBM 86 ext (40)}) 12... e5 13. h3 Be6 14. Qd2 O-O 15. Bxc5 Qxc5 16. Rad1 Rfd8 {
1/2-1/2 Rodriguez,A-Panno,O/San Luis 1992/EXT 98 (22)}) 11... d6 (11... Qb6 12.
Qd2 Ng4 13. Nd1 g5 14. Be3 Nxe3 15. Nxe3 Qxb2 16. Red1 $44) 12. Qd2 Ng4 $11 {
[%cal Gg4e5,Rg4f2] Schwarz hat eine bequeme gleiche Stellung.} (12... e5 $5 13.
Be3 Be6 $11) 13. Re2 (13. Nd1 $11) 13... g5 $1 {Ein weiterer Vorteil des Zuges
8...h6 - Schwarz verjagt den f4-Läufer und bekommt die bessere Bauernstruktur.}
(13... Bd7 14. b4 $1 Bxb4 15. Nd5 exd5 16. exd5+ $16) (13... O-O 14. h3 Ne5 15.
Na4 Ba7 16. Rd1 $14) 14. Be3 Bxe3 (14... Nxe3 $1 15. fxe3 Bd7 16. Rf1 Bc6 $15)
15. fxe3 {[%csl Re3,Re4]} Ne5 {[%csl Ge5] Der e5N steht ausgezeichnet und
dominiert auf dem Brett.} 16. Rd1 Ke7 $15 {Schwarz verteidigt den d6-Bauern,
aber er muss vorsichtig sein - der schwarze König steht unsicher auf e7. Es
wäre interessant auch den d6-Bauern unverteidigt zu lassen, wonach Schwarz
ausreichende Kompensation bekommt.} (16... Nc4 17. Qd4 Rh7 18. b3 Ne5 19. Na4
Bd7 20. Nb6 Rd8 21. Qxd6 Qxd6 22. Rxd6 Bc6 23. Rd4 $14) (16... Bd7 17. Qxd6
Qxd6 18. Rxd6 O-O-O $44 (18... Nc4 19. Rd4 Nxb2 20. e5 $16)) 17. Qd4 Rd8 (17...
Bd7 18. Rf2 Bc6 19. Rdf1 h5 $15) 18. Red2 b5 (18... Nc4 19. Rf2 Ne5) 19. a4
bxa4 (19... Rb8 $1 20. axb5 axb5 21. Qb4 Qc4 $15) 20. Nxa4 Rb8 21. Nc5 {
Weiß möchte seinen Springer aktivieren und in folgendem Nd3 ziehen, wonach er
den e5-Springer tauschen kann.} (21. b4 a5 $13) 21... Nc6 $6 {[%mdl 16384] Der
Springerzug gefällt mir gar nicht - Schwarz zieht seine beste Figur von selbst
weg.} (21... Qb6 $15 {[%cal Gb6g1]}) 22. Qg7 $1 $132 {[%csl Gg7] Weiß lässt
den c5-Springer unverteidigt und strebt nach Gegenspiel am Königsflügel.} Qb6
$2 {Schwarz ist ziemlich optimistisch. Es wäre besser mit 22...dxc5
fortzusetzen, was forciert zur Punkteteilung führt.} (22... dxc5 23. e5 Rxd2
24. Qf6+ Ke8 25. Qh8+ $11) 23. Rf2 $16 {[%csl Re7,Rh6][%cal Rf2f7,Rg7e7]
Plötzlich hat Weiß starken Angriff - es haengt der f7P und auch h6.} Rf8 24.
Rdf1 Nd8 (24... Ne5 25. Nd3 Qxe3 26. Nxe5 (26. Kh1 $18) 26... dxe5 27. Kh1 $18)
25. Nd3 {[%cal Ge4e5]} Qxe3 (25... e5 26. c4 $18 {[%cal Gc4c5]}) (25... Bb7 26.
e5 Bxg2 27. exd6+ Qxd6 28. Kxg2 $16) 26. Qxh6 (26. e5 $16) 26... Rb5 27. Re1
Qd4 28. e5 $1 $18 {[%csl Re7][%cal Rh6f6,Rf6e7,Ge1e7,Gf2f8][%mdl 128] Mit
diesem Zug verbindet Weiß verschiedene Drohungen - der g5P hängt mit Schach
und Schwarz muss auch mit 29.Re4 oder mit 29.Qf6+ rechnen.} dxe5 29. Nxe5 {
Jetzt droht auch noch 30.Ng6+.} (29. Re4 Qd6 (29... Qb6 30. Nxe5 $18) 30. Nxe5
$18) 29... Rxe5 {Dieser Zug verliert sofort, aber es gibt keine Verteidigung
mehr.} (29... Ke8 30. Nc6 (30. c3 $18) 30... Qb6 31. Nxd8 $18) 30. Qf6+ Kd6 31.
Rxe5 Qd1+ (31... Qxe5 32. Rd2+ $18) 32. Rf1 Qd4+ 33. Kh1 Qb4 (33... Qxe5 34.
Rd1+ $18) 34. c3 (34. Rd5+ Kc7 35. Qe5+ $18) 34... Qb3 35. Rd5+ Kc7 36. Qe5+
1-0

[Event "RUS-ch sf 58th"]
[Site "Kazan"]
[Date "2005.09.08"]
[Round "6"]
[White "Dvoirys, Semen I"]
[Black "Shaposhnikov, Evgeny"]
[Result "0-1"]
[WhiteElo "2589"]
[BlackElo "2533"]
[Annotator "Ribli,Z"]
[PlyCount "54"]
[EventDate "2005.09.03"]
[EventType "swiss"]
[EventRounds "9"]
[EventCountry "RUS"]
[SourceTitle "CBM 109"]
[Source "ChessBase"]
[SourceDate "2005.11.14"]
[SourceVersion "1"]
[SourceVersionDate "2005.11.14"]
[SourceQuality "1"]

1. e4 c5 2. Nf3 e6 3. d4 cxd4 4. Nxd4 Nc6 5. Nc3 Qc7 6. f4 {Diese Fortsetzung
wird heutzutage weniger gespielt, sie war vor ca. 10 Jahren populär.} Nxd4 7.
Qxd4 a6 8. Be3 (8. a4 Nf6 9. Be3 Ng4 10. Bd2 Qc5 $1 11. Qxc5 Bxc5 $11 {1/2-1/2
Luther,T-Lutz,C/France 2003/CBM 95/[Ribli] (25)}) 8... b5 9. Be2 Bb7 10. Bf3 {
Dieser Zug kommt nach meiner Meinung zu früh. Die Alternativen 10.0-0-0 oder
10.0-0 scheinen mir logischer.} Rc8 (10... Ne7 11. O-O Rc8) 11. O-O Ne7 {
[%cal Ge7c6,Gc6d4] Jetzt sehen wir den Nachteil des Zuges 10.Bf3; wäre der
Läufer auf e2, könnte Weiß Bxb5 spielen. Der Springer strebt nach c6.} (11...
h5 $5) (11... Nf6 $2 12. e5 $1 Bxf3 $140 13. exf6 $1 $18) 12. Rae1 {Weiß
bringt den Turm auf der e-Linie ins Spiel, aber die Alternative 12.Rad1 ist
logischer. Der Turm steht weniger gut auf e1.} (12. a3 $6 d5 $15) (12. Rf2 Ng6
13. g3 Bc5 14. Qxc5 Qxc5 15. Bxc5 Rxc5 16. Rd1 Ke7 17. Rfd2 Rd8 18. Kf2 Nf8 {
1/2-1/2 Schlosser,M-Sinowjew,J/AUT-ch 1995/EXP 49 (45)}) (12. Rad1 $5 Nc6 13.
Qd3 (13. Qd2 Na5 14. b3 d5 $5 15. exd5 Qxc3 16. Qxc3 Rxc3 17. Bb6 Bc5+ 18. Bxc5
Rxc5 19. b4 Rxc2 20. bxa5 Rxa2 21. dxe6 Bxf3 22. Rxf3 fxe6 {0-1 Werle,
J-Horvath,A/Groningen NED 1999 (31)}) 13... d6 14. Kh1 Be7 15. a4 b4 (15...
bxa4 $2 16. Nxa4 $16) 16. Ne2 O-O 17. b3 (17. c4 bxc3 18. Nxc3 Nb4 $11) 17...
a5 18. Rf2 {[%cal Gf2c2]} Rfe8 $11 {1/2-1/2 Naiditsch,A-Kramnik,V/Dortmund
2003/CBM 97/Ribli (27)}) 12... Nc6 13. Qd3 Be7 $11 (13... d6 $11) 14. Rd1 $6 {
Dieser Zug ist ein Tempoverlust nach 12.Rae1 und Weiß hat einige Probleme mit
der Figurenkoordination.} (14. a3 O-O 15. e5 $11) 14... d6 15. a4 (15. a3 O-O
16. Rf2 $11) 15... b4 16. Ne2 O-O 17. c3 bxc3 18. Nxc3 (18. Qxc3 Bf6) 18... Na5
$15 {[%csl Yc4][%cal Ga5c4,Gc7c4][%mdl 32] Ein übliches Manöver in solchen
Stellungen; Weiß muss nun mit Qc4 oder Nc4 rechnen.} 19. f5 Nc4 {[%csl Gc4]
[%cal Gc4e5,Rc4b2]} 20. fxe6 fxe6 (20... Nxb2 21. Nd5 Bxd5 22. Qxd5 Nxd1 23.
exf7+ Rxf7 24. Bxd1 Qc4 25. Qxc4 Rxc4 26. Bb3 Rxf1+ 27. Kxf1 d5 28. Bxc4 dxc4
$11) 21. Bc1 Qc5+ 22. Kh1 (22. Qd4 Qxd4+ 23. Rxd4 Bf6 $15) 22... Ne5 $17 {
[%csl Ge5] Der schwarze Springer steht ausgezeichnet.} 23. Qe2 Nxf3 24. gxf3 (
24. Rxf3 $142) 24... Qh5 25. Be3 Rxc3 $1 {[%mdl 512] Mit diesem Qualitätsopfer
vernichtet Schwarz eine wichtige Verteidigungsfigur, wonach die weiße Stellung
nicht mehr zu halten ist.} 26. bxc3 Bxe4 $19 {[%csl Re2,Rh1][%cal Re4h1,Rh5e2]}
27. Bg5 {Mit diesem Zug fischt Weiß im Trüben.} (27. Kg2 Qg4+ $19) 27... d5 $1
(27... Bxf3+ $4 28. Rxf3 Qxf3+ 29. Qxf3 Rxf3 30. Bxe7 $16) (27... d5 $1 28.
Bxe7 Rxf3 $19) 0-1